Ile razy Polska pokonała daną reprezentację #2 - Statystyki

Ogólne statystyki
  • Ten quiz został rozwiązany 1 041 razy
  • Średni wynik to 8 z 21
Statystyki odpowiedzi
Kraj Wygrane % Poprawnych
Haiti 2
97%
Gwatemala 1
96%
Czechosłowacja 4
94%
Irlandia 11
81%
ZSRR 3
79%
NRD 9
78%
Wyspy Owcze 1
77%
Egipt 0
55%
Saint Kitts i Nevis 0
53%
Norwegia 12
30%
San Marino 8
22%
Mołdawia 5
15%
Kostaryka 3
13%
Libia 1
12%
Trynidad i Tobago 0
5%
Indie 1
5%
Irak 2
5%
Argentyna 3
5%
Łotwa 10
4%
Szkocja 3
4%
Białoruś 2
3%
Nie znaleziono quizów pasujących do podanych kryteriów
Rozkład punktacji
Procent ludzi z każdym wynikiem
Percentyl według liczby udzielonych odpowiedzi
Twoja historia wyników
Nie rozwiązałeś tego quizu